000 00273nam a2200121Ia 4500
005 20251222141825.0
008 251222s9999||||xx |||||||||||||| ||spa||
082 _a982.04/S33
245 0 _aArgentina
250 _a1ra.ed.
264 _bSecretaría de Argentina
942 _cLIB
999 _c6925
_d6925